| 000 | 01032nam a2200277 i 4500 | ||
|---|---|---|---|
| 001 | bgj | ||
| 100 | 1 | _aGERNGROSS, Gunter | |
| 245 | 1 | 0 |
_aCreative grammar practice : _bgetting learners to use both sides of the brain / _cGunter Gerngross and Herbert Puchta. |
| 250 | _a[4th impr.]. | ||
| 260 |
_aHarlow, Essex : _bLongman, _c1995. |
||
| 300 |
_aVIII, 133 pp : _bfig. ; _c25 cm. |
||
| 490 | 1 | _aPilgrims Longman resource books / [ed. by] Seth Lindstromberg | |
| 500 | _aThis book is produced in assoc. with Pilgrims Language Courses Limited of Canterbury, England. | ||
| 500 | _a1st publ. 1992. | ||
| 504 | _aBibliography p. 133. | ||
| 650 | 9 |
_aEnglish language _xGrammar _xStudy and teaching |
|
| 650 | 9 |
_aActivity programmes in education _xGrammar |
|
| 700 | 1 | _aPUCHTA, Herbert | |
| 830 | 0 | _aPilgrims Longman resource books ([ed. by] Seth Lindstromberg) | |
| 020 | _a0582089573 (pbk) | ||
| 040 | _cBPK | ||
| 041 | 0 | _aeng | |
| 920 | _a0-582-08957-3 (pbk) | ||
| 942 | _cKS | ||
| 008 | s uk f |000 0 eng | ||
| 999 |
_c48087 _d48087 |
||
| 856 |
_uhttp://koha.tu.koszalin.pl/cgi-bin/koha/opac-detail.pl?biblionumber=48087 _yKatalog online BPK |
||